000 01001nam a22002537a 4500
005 20180306144005.0
010 _aENG-110065
020 _a9789380607733
_c850.00
035 _aEN-93598
035 _aB-689646
037 _bDBAD/PUB
037 _bAakar
082 _a954.0317
100 _aFarooqui, Amar
245 _aZafar and the Raj :
_cby Amar Farooqui
_bAnglo-Mughal Delhi, c.1800-1850 /
260 _aDelhi
_bPrimus Books
_c2013
270 _aVirat Bhavan, Mukherjee Nagar Commercial Complex
_bDelhi
_e110009
300 _axi,219p.
_c24cm(Hb)
500 _aIncludes bibliographical references (pages 207-213) and index.
505 _a Part. 1. The new Mughal dispensation -- part. 2. Constraints and possibilities, 1837-1857 -- part. 3. Ghadar, 1857.
600 _a Muhammad Bahadur Shah
_bII
_d1775-1862.
942 _2ddc
_cEN
_mFAR
_h954.0317
999 _c84471
_d84471